Statystyki dla Skoki narciarskie quiz #10 Narodowości skoczków narciarskich

Kliknij tutaj aby rozwiązać quiz!

Ogólne statystyki

  • Ten quiz został rozwiązany 21 razy
  • Średni wynik to 14 z 15

Statystyki odpowiedzi

ZagadnienieOdpowiedź% Poprawnych
Który kraj na arenie międzynarodowej reprezentuje Gregor Schlierenzauer?Austria
100%
Który kraj na arenie międzynarodowej reprezentuje Sebastian Colloredo?Włochy
100%
Który kraj na arenie międzynarodowej reprezentuje Eetu Nousiainen?Finlandia
95%
Który kraj na arenie międzynarodowej reprezentuje Sabirzhan Muminov?Kazachstan
95%
Który kraj na arenie międzynarodowej reprezentuje Johann Andre Forfang?Norwegia
95%
Który kraj na arenie międzynarodowej reprezentuje Daniel Andre Tande?Norwegia
95%
Który kraj na arenie międzynarodowej reprezentuje Robert Kranjec?Słowenia
95%
Który kraj na arenie międzynarodowej reprezentuje Anže Semenič?Słowenia
95%
Który kraj na arenie międzynarodowej reprezentuje Kevin Bickner?Stany Zjednoczone
95%
Który kraj na arenie międzynarodowej reprezentuje Wolfgang Loitzl?Austria
90%
Który kraj na arenie międzynarodowej reprezentuje Ari-Pekka Nikkola?Finlandia
90%
Który kraj na arenie międzynarodowej reprezentuje Stefan Horngacher?Austria
86%
Który kraj na arenie międzynarodowej reprezentuje Sven Hannawald?Niemcy
86%
Który kraj na arenie międzynarodowej reprezentuje Sergey Tkachenko?Kazachstan
76%
Który kraj na arenie międzynarodowej reprezentuje Andreas Küttel?Szwajcaria
67%

Rozkład punktacji

Percentyl według liczby udzielonych odpowiedzi

Procent ludzi z każdym wynikiem

Twoja historia wyników

Nie rozwiązałeś tego quizu